Bacterial disease mechanisms: an introduction to cellular microbiology (Record no. 35382)

MARC details
000 -LEADER
fixed length control field 00956nam a2200253 a 4500
008 - FIXED-LENGTH DATA ELEMENTS--GENERAL INFORMATION
fixed length control field 060316s2002 ||||||||||||||||| || u
020 ## - INTERNATIONAL STANDARD BOOK NUMBER
International Standard Book Number 0521792509
050 ## - LIBRARY OF CONGRESS CALL NUMBER
Classification number QR 201.B34 Wil
100 ## - MAIN ENTRY--PERSONAL NAME
Personal name McNab, Rod
245 10 - TITLE STATEMENT
Title Bacterial disease mechanisms: an introduction to cellular microbiology
260 ## - PUBLICATION, DISTRIBUTION, ETC.
Place of publication, distribution, etc. Cambridge:
Name of publisher, distributor, etc. Cambridge University Press
Date of publication, distribution, etc. 2002
300 ## - PHYSICAL DESCRIPTION
Extent xxix, 656 p. : ill.
350 ## - PRICE (NR) (BK AM CF MU VM SE) [OBSOLETE]
Price 0.00
650 #0 - SUBJECT ADDED ENTRY--TOPICAL TERM
Topical term or geographic name entry element BIOLOGY
650 ## - SUBJECT ADDED ENTRY--TOPICAL TERM
Topical term or geographic name entry element BACTERIAL--PATHENOGENICITY
650 ## - SUBJECT ADDED ENTRY--TOPICAL TERM
Topical term or geographic name entry element MICROBIOLIOGY
650 ## - SUBJECT ADDED ENTRY--TOPICAL TERM
Topical term or geographic name entry element PATHOGENIC BACTERIA
650 ## - SUBJECT ADDED ENTRY--TOPICAL TERM
Topical term or geographic name entry element BACTERIAL DISEASES
700 ## - ADDED ENTRY--PERSONAL NAME
Personal name Wilson, Michael
700 ## - ADDED ENTRY--PERSONAL NAME
Personal name Henderson, Brian
856 ## - ELECTRONIC LOCATION AND ACCESS
Uniform Resource Identifier <a href="http://www.loc.gov/catdir/description/cam031/2002510776.html">http://www.loc.gov/catdir/description/cam031/2002510776.html</a>
856 ## - ELECTRONIC LOCATION AND ACCESS
Uniform Resource Identifier <a href="http://www.loc.gov/catdir/toc/cam031/2002510776.html">http://www.loc.gov/catdir/toc/cam031/2002510776.html</a>
995 ## - RECOMMENDATION 995 [LOCAL, UNIMARC FRANCE]
-- 0.00
-- CBU-MAIN LIBRARY (Kitwe)
-- 1
-- 0.00
-- 1
-- AVAILABLE
-- Jun 27, 2006
-- Main Library Open Access Collection
Holdings
Withdrawn status Lost status Source of classification or shelving scheme Damaged status Not for loan Home library Current library Shelving location Date acquired Total Checkouts Full call number Barcode Date last seen Price effective from Koha item type
          CBU-MAIN LIBRARY, KITWE. CBU-MAIN LIBRARY, KITWE.   11/30/2022   QR 201.B34 Wil 46476 11/30/2022 11/30/2022 MONOGRAPH